Sports Quiz

Random Sports or Baseball Quiz

MLB Career Leaders Multiple Choice Quiz Stats

 Plays Quiz Updated Oct 7, 2017

Challenge
Share
Tweet
Embed
Score 0/20 Timer 04:00
4 Plays Today
Question Answer Wrong Answers
The MLB career leader in home runs is: Barry Bonds
89.5%
Hank Aaron
4.4%
Roger Maris
0.5%
Babe Ruth
2%
The MLB career leader in hits is: Pete Rose
87.3%
Ty Cobb
5.2%
Hank Aaron
2.7%
Honus Wagner
1%
The MLB career leader in wins is: Cy Young
83.7%
Walter Johnson
7.4%
Christy Mathewson
2.5%
Warren Spahn
2.7%
The MLB career leader in saves is: Mariano Rivera
79.4%
Trevor Hoffman
12.2%
Lee Smith
2.1%
Dennis Eckersley
2.7%
The MLB career leader in strikeouts (pitching) is: Nolan Ryan
78.6%
Cy Young
7.1%
Roger Clemens
4%
Randy Johnson
6.7%
The MLB career leader in most championship rings earned is: Yogi Berra
75.3%
Phil Rizzuto
5.4%
Mickey Mantle
10.4%
Whitey Ford
5.1%
The MLB career leader in slugging percentage is: Babe Ruth
71.5%
Lou Gehrig
11.7%
Hank Greenberg
6.8%
Joe DiMaggio
6.4%
The MLB career leader in RBI is: Hank Aaron
66.3%
Barry Bonds
17%
Alex Rodriguez
5.1%
Jimmie Foxx
8%
The MLB career leader in Cy Young awards is: Roger Clemens
66%
Randy Johnson
11.1%
Clayton Kershaw
2%
Greg Maddux
17.2%
The MLB career leader in runs scored is: Rickey Henderson
61.1%
Ty Cobb
13.8%
Pete Rose
14.5%
Willie Mays
6.9%
The MLB career leader in batting average is: Ty Cobb
59.5%
Shoeless Joe Jackson
3.3%
Rogers Hornsby
10%
Ted Williams
23.5%
The MLB career leader in shutouts is: Walter Johnson
57.3%
Eddie Plank
3%
Nolan Ryan
25.2%
Tom Seaver
10.8%
The MLB career leader in home runs allowed is: Jamie Moyer
48.9%
Phil Niekro
27.8%
Tim Wakefield
11.7%
Frank Tanana
8%
The MLB career leader in strikeouts (batting) is: Reggie Jackson
45.9%
Jim Thome
18.1%
Adam Dunn
24.6%
Jose Canseco
7.6%
The MLB career leader for games pitched is: Jesse Orosco
40.5%
John Franco
20.3%
Mariano Rivera
30.3%
Kent Tekulve
5.1%
The MLB career leader in triples is: Sam Crawford
40.2%
Jake Beckley
5.3%
Tris Speaker
39.2%
Paul Waner
11.5%
The MLB career leader in doubles is: Tris Speaker
38.8%
Craig Biggio
20.2%
George Brett
12%
Stan Musial
25.3%
The MLB career leader in Gold Glove awards is: Greg Maddux
32.6%
Ozzie Smith
34.1%
Omar Vizquel
10.1%
Brooks Robinson
19.6%
The MLB career leader for most times grounding into a double play is: Albert Pujols
30.1%
Hank Aaron
21.4%
Carl Yastrzemski
22.4%
Jim Rice
22.4%
The MLB career leader in times hit by pitch is: Hughie Jennings
15%
Chase Utley
10.3%
Don Baylor
24.9%
Craig Biggio
46.1%

You're not logged in!

Compare scores with friends on all Sporcle quizzes.
Join for Free
OR
Log In

You Might Also Like...

Show Comments

Extras

Top Quizzes Today


Score Distribution

Your Account Isn't Verified!

In order to create a playlist on Sporcle, you need to verify the email address you used during registration. Go to your Sporcle Settings to finish the process.

Report this User

Report this user for behavior that violates our Community Guidelines.

Details: